Central Library OPAC University of Rajshahi

Experimental design in psychology and the medical sciences / (Record no. 30455)

MARC details
000 -LEADER
fixed length control field 00810cam a22002651 4500
001 - CONTROL NUMBER
control field 30455
003 - CONTROL NUMBER IDENTIFIER
rucl marc code BD-RjUL
005 - DATE AND TIME OF LATEST TRANSACTION
control field 20211209051551.0
008 - FIXED-LENGTH DATA ELEMENTS--GENERAL INFORMATION
fixed length control field 140410s1958 enka b 000 0 eng
035 ## - SYSTEM CONTROL NUMBER
System control number (BD-RjUL)30541
040 ## - CATALOGING SOURCE
Original cataloging agency DLC
Transcribing agency Wa
Modifying agency DLC
-- BD-RjUL
Language of cataloging eng
041 ## - LANGUAGE CODE
Language code of text/sound track or separate title eng
082 00 - DEWEY DECIMAL CLASSIFICATION NUMBER
Classification number 507.2
Author mark and year MAE 1958
100 1# - MAIN ENTRY--PERSONAL NAME
Personal name Maxwell, A. E.
Fuller form of name (Albert Ernest)
9 (RLIN) 21608
245 10 - TITLE STATEMENT
Title Experimental design in psychology and the medical sciences /
Statement of responsibility, etc. A. E. Maxwell.
260 ## - PUBLICATION, DISTRIBUTION, ETC. (IMPRINT)
Place of publication, distribution, etc. London ;
Name of publisher, distributor, etc. Methuen;
Place of publication, distribution, etc. New York :
Name of publisher, distributor, etc. Wiley,
Date of publication, distribution, etc. c1958.
300 ## - PHYSICAL DESCRIPTION
Pagination 147 p. :
Illustrations illus. ;
Size 23 cm.
504 ## - BIBLIOGRAPHY, ETC. NOTE
Bibliography, etc Includes bibliography.
650 #0 - SUBJECT ADDED ENTRY--TOPICAL TERM
Topical term or geographic name as entry element Experimental design.
9 (RLIN) 92554
Topical term or geographic name as entry element Psychology
General subdivision Research.
9 (RLIN) 92555
Topical term or geographic name as entry element Medicine
General subdivision Research.
9 (RLIN) 92556
942 ## - ADDED ENTRY ELEMENTS (KOHA)
Source of classification or shelving scheme Dewey Decimal Classification
Koha item type Books
Holdings
Lost status Source of classification or shelving scheme Damaged status Not for loan Permanent Location Current Location Shelving location Date acquired Source of acquisition Cost, normal purchase price Total Checkouts Full call number Date last seen Copy number Koha item type
  Dewey Decimal Classification   Not For Loan Central Library, University of Rajshahi Central Library, University of Rajshahi Reading Room 24/06/1963 Zeitlinger 21.00   507.2 MAE 1958 10/04/2014 C-1 Books